50 rzek na świecie (z mapą) - Statystyki

Ogólne statystyki
  • Ten quiz został rozwiązany 4 927 razy
  • Średni wynik to 20 z 50
Odpowiedzi na mapie
Odpowiedzi zakodowano w zielono-czerwonej skali na mapie do tego quizu, zgodnie z poniższymi procentami.
 
Statystyki odpowiedzi
Rzeki % Poprawnych
Wisła
97%
Nil
95%
Amazonka
93%
Dunaj
91%
Wołga
79%
Missisipi
78%
Tygrys
71%
Ren
69%
Jangcy
68%
Eufrat
67%
Dniepr
66%
Kongo
65%
Huang He
59%
Ganges
58%
Loara
58%
Missouri
57%
Niger
53%
Lena
49%
Ob
45%
Mekong
43%
Indus
41%
Tag
38%
Amur
35%
Rio Grande
35%
Kolorado
34%
Zambezi
31%
Jenisej
30%
Świetego Wawrzyńca
28%
Jukon
27%
Orinoko
26%
Irtysz
23%
Nil Błękitny
22%
Parana
22%
Senegal
22%
Brahmaputra
21%
Amu-Daria
20%
Syr-Daria
20%
Mackenzie
18%
Murray
17%
Oranje
17%
Urugwaj
15%
Ohio
14%
Paragwaj
14%
Rzeka Perłowa
12%
Kolumbia
11%
Rio Negro
11%
Arkansas
10%
Irawadi
6%
Madeira
5%
Tocantins
4%
Nie znaleziono quizów pasujących do podanych kryteriów
Rozkład punktacji
Procent ludzi z każdym wynikiem
Percentyl według liczby udzielonych odpowiedzi
Twoja historia wyników
Nie rozwiązałeś tego quizu